02243nam a2200313 a 450000100100000000300100001000500170002000800410003704000220007808200260010010000380012624500560016425000120022026000390023230000210027150000730029250000710036550508480043659000260128460000770131065000510138765100670143891000150150594200120152095201260153295201280165895201280178699900150191400003828900003828920220112101945.0110331s2001 dr 000 0 spa d aBPMSUbspacBPMSU a923.9bB171C 20012221 aBalaguer, Joaquínd1906-20029210aColón, precursor literario /cJoaquín Balaguer. a5a. ed. aSanto Domingo :bCorripio ,c2001. a150 p. :c22 cm. aIncluye referencias bibliográficas y notas al pie de las páginas aIncluye datos biográficos del autor en la solapa de la cubierta  a Cristóbal Colón -- Colón, escritor -- Colón, pintor -- El sentimiento de la naturaleza -- Colón, precursor literario -- La fidelidad del colorido -- Puntos de contactos entre los cuadros tropicales de Colón y los de Víctor Hugo -- El sentimiento de la naturaliza en Colón y en los historiadores de Indias. Colón y Fray Bartolomé de Las Casas -- Colón y Gonzalo Fernández de Oviedo -- Colón y Américo Vespucio -- Colón y los poetas de la Conquista -- Valor artístico del Diario y de las cartas del Almirante -- Los dominicos en La Española .Fray Tomás de la Torre -- Fray Pedro de Córdoba -- El padre Córdoba y fray Bartolomé de Las Casas -- La “Doctrina Cristiana” -- Fray Antón de Montesino -- Montesino y Las Casas -- Fray Domingo de Betanzos -- Pedro Ordóñez de Ceballos. 6Inventariado, 2022/VM14aColón, Cristóbal, 1451? d1436?-1506 xCrítica e interpretación  4aLiteratura Dominicana x Historia y crítica  4aRepública DominicanaxDescubrimiento y conquistay1492-1511  aVMateo V.  2ddccBK 00102ddc40708CDaBPMETbBPMETd2014-07-14l0oBPMSU CD 923.9 B171C 2001pBPMSU15040557r2014-07-14t w2014-07-14yBK 00102ddc40708CDaBPMETbBPMETd2014-07-14l0oBPMSU CD 923.9 B171C 2001pBPMSU15040558r2014-07-14te.2w2014-07-14yBK 00102ddc40708CDaBPMETbBPMETd2014-07-14l0oBPMSU CD 923.9 B171C 2001pBPMSU25120005r2025-12-01te.3w2014-07-14yBK c7144d7144